Interacció ’02 : polítiques per a la interculturalitat polítiques per a la interculturalitat
Descripción Física:
22 p. : 21 cm
Materias:
Comunicació intercultural
MARC
| LEADER | 00000nam a2200000Ia 4500 | ||
|---|---|---|---|
| 001 | 24553 | ||
| 008 | 160829s9999 xx 000 0 cat d | ||
| 080 | |a FU-67-48 | ||
| 245 | |a Interacció ’02 : |b polítiques per a la interculturalitat | ||
| 260 | |a [Barcelona] : |b Diputació de Barcelona. Àrea de Cultura, [2002] | ||
| 300 | |a 22 p. : |b 21 cm | ||
| 650 | 0 | |a Comunicació intercultural |9 8225 | |
| 710 | 1 | |a Barcelona (Catalunya). |b Ajuntament |9 50981 | |
| 710 | 2 | |a Institut de Cultura (Barcelona, Catalunya) |9 53422 | |
| 710 | 1 | |a Barcelona (Catalunya : Província). |b Àrea de Cultura |9 53536 | |
| 901 | |a Arxiu | ||
| 942 | |n 1 | ||
| 952 | |0 0 |1 0 |4 0 |6 FU6748 |7 1 |9 55681 |a Arxiu |b Arxiu |d 2016-12-01 |l 0 |o FU-67-48 |p 24553 |r 2016-12-01 00:00:00 |w 2016-12-01 |y ARXIU | ||
| 999 | |c 59554 |d 59554 | ||